LEADER 01084nlm 2200277Ia 450 001 996500368503316 005 20230103100144.0 100 $a19840404d1658---- uy | 101 0 $alat 102 $aUK 135 $adrcnu 200 1 $aAnalecta sacra, sive, Excursus philogici breves super diversis s. scripturæ locis præcipua?$equa?, cum moribus, ritibus, instituti?sve priscorum gentilium conspirant : aut per ea aliquo modo illustrantur$fauthore Joan. Doughteio 210 1 $aLondini$cTypis Guil. Godbid, impensis Ro. Littlebury$d1658 215 $aTesto elettronico (PDF) ([41], 502, [9] p.) 230 $aBase dati testuale 300 $aRiproduzione dell'originale nella Harvard University Library 606 0 $aBibbia$xInterpretazione$2BNCF 606 0 $2BNCF$anull 676 $a220.6 700 1$aDOUGHTY,$bJohn$f1598-1672.$01004074 801 0$aIT$bcba$cREICAT 912 $a996500368503316 959 $aEB 969 $aER 996 $aAnalecta sacra, sive, Excursus philogici breves super diversis s. scripturæ locis præcipua?$92995645 997 $aUNISA LEADER 01550oam 2200445Ia 450 001 9910708111703321 005 20130219160709.0 035 $a(CKB)4970000000013984 035 $a(OCoLC)822229193 035 $a(EXLCZ)994970000000013984 100 $a20121220d2012 ua 0 101 0 $aeng 135 $aurmn||||||||| 181 $ctxt$2rdacontent 182 $cc$2rdamedia 183 $acr$2rdacarrier 200 10$aAfghanistan drawdown preparations$b[electronic resource] $eDOD decision makers need additional analyses to determine costs and benefits of returning excess equipment /$f[Cary Russell] 210 1$aWashington, DC :$cU.S. Govt. Accountability Office,$d[2012] 215 $a1 online resource (43 pages) $ccolor illustrations 300 $aTitle from title screen (viewed Feb. 19, 2013). 300 $a"December 19, 2012." 300 $a"GAO-13-185R." 320 $aIncludes bibliographical references. 517 $aAfghanistan Drawdown Preparations 606 $aAfghan War, 2001-2021$xPeace 606 $aWar$xTermination 607 $aUnited States 607 $aUnited States$xArmed Forces$xEquipment$xManagement 615 0$aAfghan War, 2001-2021$xPeace. 615 0$aWar$xTermination. 700 $aRussell$b Cary$01406893 712 02$aUnited States.$bGovernment Accountability Office. 801 0$bAWC 801 1$bAWC 801 2$bOCLCO 801 2$bGPO 906 $aDOCUMENT 912 $a9910708111703321 996 $aAfghanistan drawdown preparations$93501862 997 $aUNINA